Blue (Record n. 99295)
[ formato base ]
| 000 -LEADER | |
|---|---|
| fixed length control field | 02587njm a2200421Ia 4500 |
| 001 - CONTROL NUMBER | |
| control field | F2179 |
| 003 - CONTROL NUMBER IDENTIFIER | |
| control field | IT-RoPAU |
| 005 - DATE AND TIME OF LATEST TRANSACTION | |
| control field | 20220918181115.0 |
| 008 - FIXED-LENGTH DATA ELEMENTS--GENERAL INFORMATION | |
| fixed length control field | 131025s9999 xx 000 0 und d |
| 040 ## - CATALOGING SOURCE | |
| Original cataloging agency | IT-RoPAU |
| 040 ## - CATALOGING SOURCE | |
| Transcribing agency | IT-RoPAU |
| 041 ## - LANGUAGE CODE | |
| Language code of text/sound track or separate title | INGLESE |
| 999 ## - SYSTEM CONTROL NUMBERS (KOHA) | |
| Koha Dewey Subclass [OBSOLETE] | n.d. |
| 100 ## - MAIN ENTRY--PERSONAL NAME | |
| Personal name | AA.VV. |
| 9 (RLIN) | 794 |
| 100 ## - MAIN ENTRY--PERSONAL NAME | |
| Relator term | Autore musica |
| 9 (RLIN) | 32492 |
| 100 ## - MAIN ENTRY--PERSONAL NAME | |
| Miscellaneous information | Codice autore musica SPICS: 12000 |
| 9 (RLIN) | 796 |
| 245 ## - TITLE STATEMENT | |
| Title | Blue |
| 250 ## - EDITION STATEMENT | |
| Edition statement | 1a ed. |
| 260 ## - PUBLICATION, DISTRIBUTION, ETC. (IMPRINT) | |
| Place of publication, distribution, etc. | ENGLAND |
| 260 ## - PUBLICATION, DISTRIBUTION, ETC. (IMPRINT) | |
| Name of publisher, distributor, etc. | EMI RECORDS |
| Date of publication, distribution, etc. | 1998 [1a Ed.:1998 - Ed. Lingua Orig.: 1998] |
| 300 ## - PHYSICAL DESCRIPTION | |
| Extent | COMPACT DISC |
| 300 ## - PHYSICAL DESCRIPTION | |
| Dimensions | 51 minuti (Testo: 0 pag.) |
| 500 ## - GENERAL NOTE | |
| General note | Musica pop. Testi delle Canzoni. |
| 505 ## - FORMATTED CONTENTS NOTE | |
| Formatted contents note | Mellow My Mind (4:00) - Blue (5:00) - Say You Love Me (4:00) - To Be Free (5:00) - The Air That I Breathe (5:00) - Someday In My Life (5:00) - The Air That I Breathe Reprise (5:00) - Night Nurse (4:00) - Broken Man (4:00) - Come Get Me Angel (5:00) - Ghetto Girl (4:00) - Love Has Said Goodbye Again (4:00) - High Fives (3:00) |
| 650 ## - SUBJECT ADDED ENTRY--TOPICAL TERM | |
| Topical term or geographic name as entry element | POP [COMPACT DISC] |
| Relator term | Codice MATERIA SPICS: 9949 |
| 9 (RLIN) | 10570 |
| 700 ## - ADDED ENTRY--PERSONAL NAME | |
| Personal name | Simply Red |
| Miscellaneous information | Codice interprete SPICS: 10084 |
| Relator term | Interprete |
| 9 (RLIN) | 32493 |
| 700 ## - ADDED ENTRY--PERSONAL NAME | |
| Personal name | Young Neil |
| Miscellaneous information | Codice autore musica SPICS: 17347 |
| Relator term | Autore musica |
| Name of part/section of a work | Mellow My Mind |
| 9 (RLIN) | 32494 |
| 700 ## - ADDED ENTRY--PERSONAL NAME | |
| Personal name | Hucknall Mick |
| Miscellaneous information | Codice autore testo/musica SPICS: 28125 |
| Relator term | Autore testo/musica |
| Name of part/section of a work | Blue - Say You Love Me - To Be Free - Someday In My Life - Broken Man - Love Has Said Goodbye Again - High Fives |
| 9 (RLIN) | 32495 |
| 700 ## - ADDED ENTRY--PERSONAL NAME | |
| Personal name | Hammond A. |
| Miscellaneous information | Codice autore musica SPICS: 14448 |
| Relator term | Autore musica |
| Name of part/section of a work | The Air That I Breathe - The Air That I Breathe Reprise (testo riscritto da Turpin e Jordan) |
| 9 (RLIN) | 32496 |
| 700 ## - ADDED ENTRY--PERSONAL NAME | |
| Personal name | Hazelwood L. |
| Miscellaneous information | Codice autore testo/musica SPICS: 23028 |
| Relator term | Autore testo/musica |
| Name of part/section of a work | The Air That I Breathe - The Air That I Breathe Reprise (testo riscritto da Turpin e Jordan) |
| 9 (RLIN) | 32497 |
| 700 ## - ADDED ENTRY--PERSONAL NAME | |
| Personal name | Turpin William |
| Miscellaneous information | Codice autore testo/musica SPICS: 50687 |
| Relator term | Autore testo/musica |
| Name of part/section of a work | The Air That I Breathe Reprise |
| 9 (RLIN) | 32498 |
| 700 ## - ADDED ENTRY--PERSONAL NAME | |
| Personal name | Isaacs Gregory |
| Miscellaneous information | Codice autore musica SPICS: 50688 |
| Relator term | Autore musica |
| Name of part/section of a work | Night Nurse |
| 9 (RLIN) | 32499 |
| 700 ## - ADDED ENTRY--PERSONAL NAME | |
| Personal name | Weise Sylvester |
| Miscellaneous information | Codice autore testo/musica SPICS: 50689 |
| Relator term | Autore testo/musica |
| Name of part/section of a work | Night Nurse |
| 9 (RLIN) | 32500 |
| 700 ## - ADDED ENTRY--PERSONAL NAME | |
| Personal name | Franklyn Carolyn |
| Miscellaneous information | Codice autore musica SPICS: 50690 |
| Relator term | Autore musica |
| Name of part/section of a work | Come Get Me Angel (riscritta da Mick Hucknall) |
| 9 (RLIN) | 32501 |
| 700 ## - ADDED ENTRY--PERSONAL NAME | |
| Personal name | Saunders Sony |
| Miscellaneous information | Codice autore testo/musica SPICS: 50691 |
| Relator term | Autore musica |
| Name of part/section of a work | Come Get Me Angel (riscritta da Mick Hucknall) |
| 9 (RLIN) | 32502 |
| 700 ## - ADDED ENTRY--PERSONAL NAME | |
| Personal name | Brown Dennis |
| Miscellaneous information | Codice autore testo/musica SPICS: 50701 |
| Relator term | Autore testo/musica |
| Name of part/section of a work | Ghetto Girl |
| 9 (RLIN) | 32503 |
| 942 ## - ADDED ENTRY ELEMENTS (KOHA) | |
| Koha item type | CD AUDIO |
| Source of classification or shelving scheme | Dewey Decimal Classification |
| Withdrawn status | Lost status | Damaged status | Not for loan | Home library | Current library | Date acquired | Total Checkouts | Full call number | Date last seen | Price effective from | Koha item type | Public note |
|---|---|---|---|---|---|---|---|---|---|---|---|---|
| Buone Condizioni | Not For Loan | SPICS-MEDIATECA | SPICS-MEDIATECA | 25/10/2013 | F2179 | 25/10/2013 | 25/10/2013 | CD AUDIO | Progr. Ins.: 22460 / N.Vol.: 1 / Copie: 1 - Copia rara: n.d. / date import: 01.01.2014 - By Epidotti, Trombetti, Vaglietti |